000 00714nam a2200193 i 4500
001 113177
003 ES-MaACL
005 20231230062954.0
007 t|
008 061121s1962 sp |||| | spa d
100 1 _aNúñez Lagos, Rafael,
_d1902-1991
_986209
245 1 0 _aVariaciones en la significación y alcance de la ley hipotecaria
_b: conferencia /
_cpor el Excmo. Sr. D. Rafael Núñez Lagos.
260 _aValencia :
_bAcademia Valenciana de Jurisprudencia y Legislación,
_c1962.
300 _a33 p. ;
_c25 cm.
650 4 _aHipotecas-
_zEspaña.
_913364
710 2 _aAcademia Valenciana de Jurisprudencia y Legislación.
_91226
852 _aES-MaACL
_j2034-F-4
999 _c113177
_d113177